000 00570nam a2200181Ia 4500
003 GCL
008 140319s9999 xx 000 0 ara d
040 _aGCL /
_cGCL
082 0 4 _a529.3
_bم م
100 1 _aمحمد رضا مدور (تقديم)
245 1 0 _aمعالم التقاويم ومفتاح النتيجة السنوية /
_cمحمد رضا مدور (تقديم)
700 1 _aمحمد عبدالحافظ معوض
260 _a[S.N] :
_bدار الفكر العربى
300 _a40 ص
490 _a
650 0 4 _aالتقاويم
942 _2ddc
_cBK
999 _c29381
_d29381